20 Biggest Countries by Population (with a map) - Statistics

General Stats
  • This quiz has been taken 5,176 times
  • The average score is 17 of 20
Answers on the Map
Answers color-coded by a green-red scale on the quiz's map according to % correct below.
 
Answer Stats
Population Country % Correct
1,377 mil China
100%
324 mil United States
100%
1,292 mil India
99%
147 mil Russia
99%
206 mil Brazil
98%
122 mil Mexico
95%
82 mil Germany
92%
67 mil France
90%
259 mil Indonesia
90%
127 mil Japan
90%
194 mil Pakistan
86%
91 mil Egypt
85%
79 mil Iran
85%
187 mil Nigeria
84%
79 mil Turkey
82%
85 mil D.R. Congo
78%
161 mil Bangladesh
74%
103 mil Philippines
70%
92 mil Vietnam
70%
92 mil Ethiopia
68%
No matching quizzes found
Score Distribution
Percent of People with Each Score
Percentile by Number Answered
Your Score History
You have not taken this quiz